Does aid work (Record no. 11067)

000 -LEADER
fixed length control field 00262nam a22001217a 4500
040 ## - CATALOGING SOURCE
Transcribing agency 338
082 ## - DEWEY DECIMAL CLASSIFICATION NUMBER
Classification number 338 ROB 1994 C083
100 ## - MAIN ENTRY--AUTHOR NAME
Personal name ROBERT CASSEN
245 ## - TITLE STATEMENT
Title Does aid work
260 ## - PUBLICATION, DISTRIBUTION, ETC. (IMPRINT)
Place of publication Phnom Penh
Name of publisher ROB
Year of publication 1994
300 ## - PHYSICAL DESCRIPTION
Number of Pages 317p.
Other physical details ill.
Dimensions 29cm.
942 ## - ADDED ENTRY ELEMENTS (KOHA)
Koha item type សៀវភៅភាសាអង់គ្លេស
952 ## - LOCATION AND ITEM INFORMATION (KOHA)
Withdrawn status [LOCAL, KOHA] 0
Holdings
Permanent Location Date acquired Koha item type Lost status Shelving location Barcode Current Location Full call number
Library Block C2017-02-15សៀវភៅភាសាអង់គ្លេស C190A04728Library Block C338 ROB 1994 C190
មជ្ឈមណ្ឌលឯការនៃសាកលវិទ្យាល័យភូមិន្ទកសិកម្មចំការដូង

Powered by Koha